“Winter Wonderland” Lyrics - Statistics

General Stats
  • This quiz has been taken 135 times
  • The average score is 70 of 102
Answer Stats
Lyric % Correct
A
99%
a
99%
In
99%
in
99%
when
99%
When
99%
winter
98%
{wonderland}.
97%
walking
96%
is
95%
snow
95%
the
91%
are
90%
“{Are}
90%
to
90%
we
90%
you
90%
He
87%
he
87%
can
86%
{listening}?
85%
snowman
85%
build
84%
{say},
84%
and
82%
{glistening}.
82%
“{No},
82%
that
82%
We’ll
82%
we’ll
82%
bells
81%
do
81%
{ring} …
81%
Sleigh
81%
We’re
81%
beautiful
80%
happy
79%
{man},
79%
pretend
79%
your
79%
{Brown}.
78%
tonight,
78%
{town}.”
78%
by
77%
{meadow},
77%
{sight}!
77%
you’re
77%
but
76%
{married}?”
76%
as
75%
He’ll
75%
job
75%
{fire},
74%
{on},
74%
go
73%
Parson
71%
here
69%
{conspire},
68%
{lane},
67%
{made},
67%
new
67%
Later
66%
love
65%
{along},
64%
{bird}.
64%
song
64%
stay
64%
{bluebird};
63%
sings
63%
plans
62%
dream
60%
he’s
60%
face
59%
away
58%
Gone
57%
unafraid
56%
of
55%
{clown}.
54%
have
54%
circus
52%
with
48%
fun
47%
lots
46%
mister
46%
{down}.
45%
it
42%
him
41%
until
41%
knock
40%
other
38%
{way},
36%
kiddies
35%
play
35%
{snows},
34%
Eskimo
32%
nose
29%
gets
27%
{chilling}?
26%
frolic
26%
ain’t
25%
thrilling
24%
though
18%
No matching quizzes found
Score Distribution
Percent of People with Each Score
Percentile by Number Answered
Your Score History
You have not taken this quiz